Código civil español (Record no. 44438)

MARC details
000 -LEADER
campo de control de longitud fija 00557nam a2200157 i 4500
001 - NÚMERO DE CONTROL
campo de control 44438
003 - IDENTIFICADOR DE NÚMERO DE CONTROL
campo de control ES-MaACL
005 - FECHA Y HORA DE LA ÚLTIMA TRANSACCIÓN
campo de control 20230906161030.0
007 - CAMPO FIJO DE DESCRIPCIÓN FÍSICA--INFORMACIÓN GENERAL
campo de control de longitud fija t|
008 - DATOS DE LONGITUD FIJA--INFORMACIÓN GENERAL
campo de control de longitud fija 030321s1959 sp ||||1| spa d
245 00 - MENCIÓN DEL TÍTULO
Título Código civil español
Resto del título : ajustado a la edición oficial y a las últimas reformas.
260 ## - PUBLICACIÓN, DISTRIBUCIÓN, ETC.
Lugar de publicación, distribución, etc. Madrid :
Nombre del editor, distribuidor, etc. Universitaria,
Fecha de publicación, distribución, etc. 1959.
300 ## - DESCRIPCIÓN FÍSICA
Extensión 573 p. ;
Dimensiones 14 cm.
500 ## - NOTA GENERAL
Nota general Los artículos seguidos de un asterisco han sido modificados por la Ley de 24 de abril de 1958 (Boletín Oficial del 25)
852 ## - LOCALIZACIÓN
Ubicación ES-MaACL
Número de control de estantería C-17382
Sublocalización o colección R.43721
Holdings
Estatus retirado Estado de pérdida Estado de daño No para préstamo Biblioteca de origen Biblioteca actual Ubicación en estantería Fecha de adquisición Fuente de adquisición Total de préstamos Signatura topográfica completa Código de barras Visto por última vez Precio de reemplazo Tipo de ítem Koha
        Biblioteca del Ateneo de Madrid Biblioteca del Ateneo de Madrid Galería 17/01/2008     C-17382 1046766 23/02/2023 23/02/2023 Libro impreso